000 00861cam a2200217 4500
001 ABS61646
008 000000n1999 000 0 eng u
035 _a(Sirsi) u103280
100 _aElliott, T.
245 _aRoom for review
260 _c1999
490 _aBuilding
_v 264(8115) 3 December 1999, 65(1)
520 _aConsiders the implications of the judgment in "Harmon CFEM Facades (UK) Ltd v The Corporate Officer of the House of Commons", which casts doubt on the UK's implementation of EU directives on procurement.
590 _aABS
650 _aEC DIRECTIVES
650 _aMANAGEMENT-BUSINESS MANAGEMENT-PROCUREMENT
650 _aHARMON CFEM FACADES (UK) LTD V THE CORPORATE OFFICER OF THE HOUSE OF COMMONS
650 _aEUROPEAN COMPETITION LAWS
690 _aBUILDING AND CONSTRUCTION-PROCUREMENT, PARTNERING, TENDERING
942 _n0
999 _c62064
_d62064